Macbeth (Registro nro. 182854)

Detalles MARC
000 -ENCABEZADO
Número de control [NR] 01084nam a22002777a 4500
005 - FECHA Y HORA DE LA ÚLTIMA TRANSACCIÓN
control field 20140903174958.0
008 - DE LONGITUD FIJA DE DATOS DE ELEMENTOS - INFORMACIÓN GENERAL
Elementos de longitud fija [NR] 131211s2012 ag a fr 000 0 spa c
020 ## - NUMERO INTERNACIONAL NORMALIZADO PARA LIBROS [R]
Número Internacional Normalizado del libro [NR] 9788496509290
020 ## - NUMERO INTERNACIONAL NORMALIZADO PARA LIBROS [R]
Número Internacional Normalizado del libro [NR] 9789872709242
040 ## - FUENTE DE CATALOGACION [NR]
Agencia de catalogación original [NR] CO-BoUCM
Idioma de catalogación [NR] spa
Quien Cataloga
Quien Clasifica Aldemar Mondragón (modificó)
041 00 - CODIGO DE IDIOMA [R]
Código de idioma para texto/pista de sonido o título separado [R] Español
100 1# - ASIENTO PRINCIPAL--NOMBRE PERSONAL [NR]
Nombre personal [NR] Shakespeare, William
Fechas asociadas con el nombre [NR] 1564-1616
ID Autoridad 834
245 10 - MENCION DE TITULO [NR]
Título [NR] Macbeth
Mención de responsabilidad, etc. [NR] William Shakespeare ; ilustraciones Ferenc Pintér ; prólogo Jorge Luis Borges ; traducción Ángel-Luis Pujante
260 ## - PUBLICACION, DISTRIBUCION, ETC. (PIE DE IMPRENTA) [R]
Lugar de publicación, distribución, etc. [R] Barcelona (Madrid)
-- Buenos Aires (Argentina)
Nombre del editor, distribuidor, etc. [R] Libros del Zorro Rojo
Fecha de publicación, distribución, etc. [R] 2012
300 ## - DESCRIPCION FISICA [R]
Extensión [R] xiii, 145 páginas
Otros detalles físicos [NR] ilustraciones
490 0# - MENCION DE SERIE [R]
Mención de serie [R] Illustrata
650 #7 - ASIENTO SECUNDARIO DE MATERIA - TERMINO TEMATICO [R]
Término temático o nombre geográfico como elemento de entrada [NR] Literatura inglesa
9 (RLIN) 272
650 #7 - ASIENTO SECUNDARIO DE MATERIA - TERMINO TEMATICO [R]
Término temático o nombre geográfico como elemento de entrada [NR] Teatro inglés
9 (RLIN) 25071
690 ## - ASUNTO AGREGADO LOCAL DE ENTRADA - TÉRMINO TEMÁTICO (OCLC, RLIN)
9 (RLIN) 42863
Acceso temático local Literatura europea
700 1# - ASIENTO SECUNDARIO - NOMBRE PERSONAL [R]
Nombre personal [NR] Borges, Jorge Luis
Fechas asociadas con el nombre [NR] 1899-1986,
Término de relación [R] prólogo
9 (RLIN) 33256
700 1# - ASIENTO SECUNDARIO - NOMBRE PERSONAL [R]
Nombre personal [NR] García, Carlos Martín
9 (RLIN) 52786
700 1# - ASIENTO SECUNDARIO - NOMBRE PERSONAL [R]
Nombre personal [NR] Pintér, Ferenc,
Término de relación [R] ilustrador
9 (RLIN) 52784
700 1# - ASIENTO SECUNDARIO - NOMBRE PERSONAL [R]
Nombre personal [NR] Pujante, Angel-Luis,
9 (RLIN) 52785
942 ## - ELEMENTOS DE ENTRADA AGREGADOS (KOHA)
Tema principal Literatura
Tipo de ítem principal el descrito en 300a Libro
Edición 1
Parte restante de la signatura top. S527ma
Sistema de clasificación DEWEY
Clasificación 822.33
Existencias
Fecha de último préstamo Total préstamos Total Renewals Signatura topográfica Código de barras Última vez visto Ejemplar Costo de reposición Price effective from Tipo de ítem Perdido Sistema de clasificación Dañado No prestable Tipo de ítem específico Suprimido Ubicación habitual Ubicación actual Localización Fecha de creación Proveedor Forma de adquisición Costo
26/11/2025 9 5 822.33 S527ma 100139363 12/02/2026 Ej.1 43638.00 26/11/2013 Libro   DEWEY     Libro   Claustro Claustro 2do piso 26/11/2013 37 Compra 43638.00